000
00485nam a2200133Ia 4500
008
100328s9999 xx 000 0 und d
082
_b
3917
100
_a
वरेरकर भार्गवराम विठ्ठल
245
_a
देवदास आणि बिंदूचे बाळ
260
_b
---
630
_a
देवदास आणि बिंदूचे बाळ
730
_a
देवदास आणि बिंदूचे बाळ
942
_c
BOOK
999
_c
500022
_d
500019